| 000 | 00900 a2200241 4500 | ||
|---|---|---|---|
| 003 | UA-OsUOA | ||
| 005 | 20230105142255.0 | ||
| 008 | 230105b un ||||| |||| 00| 0 ukr d | ||
| 020 | _a9786179510885 | ||
| 040 |
_aUA-OsUOA _bukr _cUA-OsUOA _dUA-OsUOA |
||
| 041 | _aukr | ||
| 080 | _a82-94:341.7 | ||
| 090 |
_a82-94:341.7 _bГ94 |
||
| 100 | _aГуменюк Б. | ||
| 245 |
_aСлово – зброя дипломата _cБорис Гуменюк |
||
| 260 |
_aК. _bДП ГДІП _c2022 |
||
| 300 | _a64 с. | ||
| 490 |
_aБібліотека наукового щорічника "Україна дипломатична" _vВип. 23 |
||
| 650 |
_2UDC _a82 Література. Літературознавство |
||
| 942 |
_cBK _2udc |
||
| 955 | _a4 | ||
| 999 |
_c573489 _d573489 |
||